| Tag |
First Indicator |
Second Indicator |
Subfields |
| LEADER |
00000cam a2200000 a 4500 |
| 001 |
in00000026745 |
| 005 |
20151007054531.0 |
| 008 |
861231s1987 nyua j 00010 eng |
| 010 |
|
|
|a 86033624
|
| 020 |
|
|
|a 0688074006 (lib. bdg.)
|
| 020 |
|
|
|a 0688073999 (hard)
|
| 035 |
|
|
|a (OCoLC)15084125
|
| 035 |
|
|
|9 AAB5404AM
|
| 040 |
|
|
|a DLC
|c DLC
|d TXA
|d UtOrBLW
|
| 049 |
|
|
|a [Curr Col] TXAM
|c [A11053021]
|
| 050 |
0 |
0 |
|a RM315
|b .S45 1987
|
| 082 |
0 |
|
|a 616.86/3
|2 19
|
| 100 |
1 |
|
|a Seixas, Judith S.
|
| 245 |
1 |
0 |
|a Drugs--what they are, what they do /
|c Judith S. Seixas ; illustrated by Tom Huffman.
|
| 250 |
|
|
|a 1st ed.
|
| 264 |
|
1 |
|a New York :
|b Greenwillow Books,
|c [1987]
|
| 264 |
|
4 |
|c ©1987
|
| 300 |
|
|
|a 47 pages :
|b illustrations (some color) ;
|c 22 cm.
|
| 336 |
|
|
|a text
|b txt
|2 rdacontent
|
| 337 |
|
|
|a unmediated
|b n
|2 rdamedia
|
| 338 |
|
|
|a volume
|b nc
|2 rdacarrier
|
| 490 |
0 |
|
|a Greenwillow read-alone
|
| 520 |
|
|
|a An easy-to-read guide to psychoactive drugs and how they change the way we feel, think, and act.
|
| 650 |
|
0 |
|a Psychotropic drugs
|x Juvenile literature.
|
| 650 |
|
0 |
|a Substance abuse
|v Juvenile literature.
|
| 650 |
|
1 |
|a Psychotropic drugs.
|
| 650 |
|
1 |
|a Drug abuse.
|
| 700 |
1 |
|
|a Huffman, Tom,
|e illustrator.
|
| 999 |
|
|
|a MARS
|
| 999 |
f |
f |
|s 5e1d845e-68db-3b73-961a-7d1966be9407
|i 9812ebd8-8735-326b-b74b-a39ba50f16e6
|t 0
|
| 952 |
f |
f |
|p ric
|a Texas A&M University
|b Rellis Campus
|c Joint Library Facility
|d Remote Storage
|t 0
|e RM315 .S45 1987
|h Library of Congress classification
|i unmediated -- volume
|m A14811053021
|
| 998 |
f |
f |
|a RM315 .S45 1987
|t 0
|l Remote Storage
|